000 00402 a2200181 4500
001 122325
020 _a9786557441367
040 _cEscola Canadense de Niteroi
100 _aAlmeida, Fernando
245 1 0 _aEducamos: matemática 3
250 _a1. ed.
260 _aSão Paulo
300 _a1152 p.
_bil.
362 0 _a2020
650 4 _aMatemática
650 4 _aEnsino Médio
942 _cBK
999 _c122325
_d122325